000 00667nam a22002297a 4500
003 OSt
005 20191018103846.0
008 160928b xxu||||| |||| 00| 0 eng d
020 _a978-84-7829-053-6
040 _cCRI
082 _a612.015
100 _939927
_aMathews, Christopher K.
245 _aBioquímica
_cMathews, C.k; van Holde, K.E; Ahern, K.G.
250 _a3a ed.
260 _aMadrid
_bPearson
_c2002
300 _aXXX, 1335 p.
_bil.
_c28 cm.
_epasta dura
650 0 _98014
_aBioquímica
700 _939928
_avan Holde, K.E
700 1 _939929
_aAhern, Kevin G.
700 1 _913374
_aGonzález de Buitrago, J. M.
942 _2ddc
_cBK
_hprozim
999 _c26070
_d26070